00626nam a2200193Ia 450000500170000000800410001702000150005808200130007310000150008624500860010126000490018730000190023665000170025565000180027265000240029094200060031495200970032099900150041720241218053250.0240331s9999 xx 000 0 und d a0691058466 bCara840 aCarroll, D 0aFrenchliterary fascism :bnationalism, anti-semitism, and the ideology of culture aNew jerseybprinceton university pressc1995 aviii, 299 p ., aNationalisum aAnti-Semitism aIdeology of Culture cL 001040708LaWERCLbWERCLcSSCd2024-03-31l0o 840.9 Carp2721r2024-03-31w2024-03-31yL c3401d3401